| 000 | 00611nam a22001817a 4500 | ||
|---|---|---|---|
| 008 | 131126b xxu||||| |||| 00| 0 eng d | ||
| 020 | _a9688104329 | ||
| 041 | 0 | _aeng | |
| 080 |
_a343 _x(094.9) |
||
| 110 | _aSecretaria de relaciones exteriores | ||
| 245 | 0 | 0 | _aLimits to jurisdiction : |
| 260 |
_aMexico : _bSecretaria de relaciones exteriores ; _c1993. |
||
| 300 |
_a185 f. : _c22 cm. |
||
| 490 |
_aSecretaria de relaciones exteriores _vII |
||
| 505 | _aIncludes alphabetical index. | ||
| 650 | 0 |
_aE drejta penale _vDokumente |
|
| 942 |
_2udc _cBK |
||
| 999 |
_c352 _d352 |
||